|
|
|
|
| LEADER |
01879nam a2200469 i 4500 |
| 001 |
nkc20162792855 |
| 003 |
CZ PrNK |
| 005 |
20160516133335.0 |
| 007 |
ta |
| 008 |
160415s2016 xr af g 000 1 cze |
| 015 |
|
|
|a cnb002792855
|
| 020 |
|
|
|a 978-80-7240-515-2
|q (INFOA ;
|q brožováno)
|z 9788072405152
|
| 035 |
|
|
|a (OCoLC)951553972
|
| 040 |
|
|
|a OLA001
|b cze
|d ABA001
|e rda
|
| 043 |
|
|
|a e-xr---
|b e-xr-ol
|2 czenas
|
| 072 |
|
7 |
|a 821.162.3-3
|x Česká próza
|2 Konspekt
|9 25
|
| 080 |
|
|
|a 821.162.3-34
|2 MRF
|
| 080 |
|
|
|a 94(437.325)
|2 MRF
|
| 080 |
|
|
|a (0:82-34)
|2 MRF
|
| 100 |
1 |
|
|a Koruna, Josef
|7 jo2015855759
|4 aut
|
| 245 |
1 |
0 |
|a Pověsti a zajímavosti z Dubicka a okolí /
|c Josef Koruna ; ilustrace: Petr Herzig Dubický, děti Základní školy v Dubicku
|
| 264 |
|
1 |
|a [Dubicko] :
|b Martin Verner, Ing. Stanislav Soják - nakladatelství INFOA,
|c [2016]
|
| 300 |
|
|
|a 91 stran, 4 nečíslované strany obrazových příloh :
|b ilustrace (některé barevné) ;
|c 21 cm
|
| 336 |
|
|
|a text
|b txt
|2 rdacontent
|
| 337 |
|
|
|a bez média
|b n
|2 rdamedia
|
| 338 |
|
|
|a svazek
|b nc
|2 rdacarrier
|
| 504 |
|
|
|a Obsahuje bibliografii
|
| 550 |
|
|
|a Vydavatel: Obec Dubicko
|
| 651 |
|
7 |
|a Dubicko (Česko)
|7 ge292175
|x dějiny
|2 czenas
|
| 651 |
|
7 |
|a Zábřeh (Šumperk, Česko : oblast)
|7 ge131469
|x dějiny
|2 czenas
|
| 651 |
|
9 |
|a Dubicko (Czechia)
|x history
|2 eczenas
|
| 651 |
|
9 |
|a Zábřeh Region (Šumperk, Czechia)
|x history
|2 eczenas
|
| 655 |
|
7 |
|a moravské pověsti
|7 fd201457
|2 czenas
|
| 655 |
|
9 |
|a Moravian legends
|2 eczenas
|
| 700 |
1 |
|
|a Herzig, Petr
|7 ola2010581681
|4 ill
|
| 710 |
2 |
|
|a Základní škola (Dubicko, Česko)
|7 mzk2005318445
|4 ill
|
| 710 |
1 |
|
|a Dubicko (Česko)
|7 ge292175
|4 isb
|
| 910 |
2 |
|
|a BOA001
|b 2-1368.581
|
| 928 |
9 |
|
|a INFOA
|
| 990 |
|
|
|a BK
|
| 995 |
|
|
|a 01
|
| 996 |
6 |
|
|b 2610670639
|c 2-1368.581
|l MZK
|r Sklad / do 1 hodiny
|n 1
|p p.v.
|w 001561731
|u 000010
|a 1
|e BOA001
|j MZK50
|s P
|